60 Séries TV - Statistiques

Statistiques générales
  • Ce quiz a été pris 145 fois
  • Le résultat moyen est 17 sur 60
Statistiques - réponses
Par images Réponse % Correct
Good doctor
69%
Arrow
65%
Elite
64%
Gossip girl
64%
The witcher
64%
Loki
60%
Swat
59%
Suits
55%
L'été où je suis devenue jolie
54%
Le jeu de la dame
52%
H2o
51%
Umbrella academy
51%
Sherlock
50%
Merlin
48%
Mes premières fois
48%
Ginny et Georgia
47%
Manifest
46%
Alice in borderland
44%
XO kitty
40%
Berlin
38%
The originals
38%
Winx
38%
Anne with an e
36%
La reine charlotte
36%
Outlander
36%
Cat's eyes
34%
Reign
33%
Maxton hall
31%
The night agent
31%
IZombie
28%
Locke and key
28%
Les nouvelles aventures de Sabrina
25%
Shadow and bone
21%
Agatha all along
17%
Mixte
17%
Julie and the phantoms
16%
The order
14%
Un jour
14%
The buccaneers
13%
The cursed
12%
Culte
11%
Spinning out
11%
Beauty and the beast
8%
Dear you
8%
Le renard Prince des voleurs
8%
Ma vie chez les Walters Boys
8%
My lady jane
8%
Vampire academy
8%
Terra nova
7%
Hart of dixie
6%
Sanditon
5%
Damnés
4%
Geek girl
4%
Rivals
4%
A discovery of witches
3%
Jamais froid aux yeux
3%
Panic
3%
La cuisinière de castamar
2%
Star crossed
2%
Tom jones
2%
Aucun quiz correspondant
Distribution des résultats
% des personnes avec chaque résultat
Percentile par nombre de réponses
Votre historique - résultats
Vous n’avez pas pris ce quiz